| 000 | 00643nam a22002050 4500 | ||
|---|---|---|---|
| 001 | ocm0070688273 | ||
| 003 | PILC | ||
| 005 | 20150522093821.0 | ||
| 008 | 951128s1974 eng | ||
| 020 | _a9710805916 | ||
| 050 |
_aQC 21.2 _b.W373 1977 |
||
| 100 | 1 |
_aWeber, Robert L., _d1913- |
|
| 245 | 1 | 0 |
_aCollege physics / _cby Robert L. Weber, Kenneth V. Manning, Marsh W. White, George A. Weygand. |
| 250 | _a5th ed. | ||
| 260 |
_aNew York : _bMcGraw-Hill, _c1977. |
||
| 300 |
_aix, 917 pages : _billustrations ; _c24 cm. |
||
| 500 | _aIncludes bibliographical references and index. | ||
| 650 | _aPhysics. | ||
| 942 |
_2lcc _cBK _kFOR |
||
| 999 |
_c284309 _d284309 |
||